Giáo trình hệ thống mạng máy tính CCNA Semester 3

Kaydedildi:
Detaylı Bibliyografya
Yazar: Khương Anh
Materyal Türü: Kitap
Dil:Undetermined
Baskı/Yayın Bilgisi: Hà Nội Lao động xã hội 2005
Konular:
Etiketler: Etiketle
Etiket eklenmemiş, İlk siz ekleyin!
Thư viện lưu trữ: Trung tâm Học liệu Trường Đại học Cần Thơ
LEADER 00672nam a2200205Ia 4500
001 CTU_95348
008 210402s9999 xx 000 0 und d
082 |a 004.6 
082 |b Kh561 
100 |a Khương Anh 
245 0 |a Giáo trình hệ thống mạng máy tính CCNA Semester 3 
245 0 |c Khương Anh 
260 |a Hà Nội 
260 |b Lao động xã hội 
260 |c 2005 
650 |a Communication,Internet (Computer network),Network analysis 
650 |x Network analysis,Computer programs 
904 |i Truc 
910 |a Sách kèm đĩa có số AV.000410 
980 |a Trung tâm Học liệu Trường Đại học Cần Thơ